Online Catalogue and eLibrary

Taboo : (Record no. 285)

MARC details
000 -LEADER
fixed length control field 00935cam a2200301 a 4500
001 - CONTROL NUMBER
control field 4925408
005 - DATE AND TIME OF LATEST TRANSACTION
control field 20240202055950.0
008 - FIXED-LENGTH DATA ELEMENTS--GENERAL INFORMATION
fixed length control field 950605s1995 enk b 001 0 eng
020 ## - INTERNATIONAL STANDARD BOOK NUMBER
ISBN 0415088186
020 ## - INTERNATIONAL STANDARD BOOK NUMBER
ISBN 0415088194 (pbk.)
040 ## - CATALOGING SOURCE (பட்டியலாக்க மூலம்)
Original cataloging agency DLC
Transcribing agency DLC
Modifying agency DLC
082 00 - DDC Classification
Class No. 306.7
DDC Edition Number 20
245 00 - TITLE STATEMENT
Title Taboo :
Remainder of title sex, identity, and erotic subjectivity in anthropological fieldwork /
Statement of responsibility, etc. edited by Don Kulick and Margaret Willson.
260 ## - PUBLICATION, DISTRIBUTION, ETC.
Place of publication, distribution, etc. London ;
-- New York :
Name of publisher, distributor, etc. Routledge,
Date of publication, distribution, etc. 1995.
300 ## - PHYSICAL DESCRIPTION
Extent (e.g. Volumes, Pages etc.) xvi, 283 p. ;
650 #0 - SUBJECT ADDED ENTRY--TOPICAL TERM
Topical term or geographic name entry element Ethnology
650 #0 - SUBJECT ADDED ENTRY--TOPICAL TERM
Topical term or geographic name entry element Women anthropologists
650 #0 - SUBJECT ADDED ENTRY--TOPICAL TERM
Topical term or geographic name entry element Gay anthropologists
650 #0 - SUBJECT ADDED ENTRY--TOPICAL TERM
Topical term or geographic name entry element Lesbian anthropologists
650 #0 - SUBJECT ADDED ENTRY--TOPICAL TERM
Topical term or geographic name entry element Sex role.
650 #0 - SUBJECT ADDED ENTRY--TOPICAL TERM
Topical term or geographic name entry element Gender identity.
650 #0 - SUBJECT ADDED ENTRY--TOPICAL TERM
Topical term or geographic name entry element Sexual ethics.
650 #0 - SUBJECT ADDED ENTRY--TOPICAL TERM
Topical term or geographic name entry element Anthropological ethics.
700 1# - ADDED ENTRY--PERSONAL NAME
Personal name Kulick, Don.
Relator term (Role) Editor
700 1# - ADDED ENTRY--PERSONAL NAME
Personal name Willson, Margaret,
Relator term (Role) Editor
856 42 - ELECTRONIC LOCATION AND ACCESS
Uniform Resource Identifier <a href="http://www.loc.gov/catdir/enhancements/fy0648/95024152-d.html">http://www.loc.gov/catdir/enhancements/fy0648/95024152-d.html</a>
942 ## - Koha item type (Biblio)
Koha item type Books in Stacks (Lending)

No items available.

© WERC Library